000 00470nam a2200181Ia 4500
001 46845
008 140429s9999 xx 000 0 und d
020 _aNA
040 _cPK-LaUMT
082 _aRHC 891.4393
_bQUR-R
100 _aQurat ul Ain Haider
245 _aRooshni ki raftaar (Urdu)
_cQurat ul Ain Haider
260 _aAligarh,India:
_bEducational Book House,
_c1982
300 _a336 p.
546 _aUR
650 _aPakistani literature-Urdu
942 _cBK
999 _c44794
_d44794